000 00513cam a22002055a 4500
001 L152899
002 101010
008 110511s2011 xxk f 000 0 eng d
020 _a9781842198888
035 _a(Sirsi) u152899
041 0 _aeng
050 0 4 _a692.8 $1 8
110 2 _aBCIS
245 0 0 _aHow to make money on BCIS books
250 _a1st. ed.
260 _aLondon
_bBCIS
_c2011.
651 4 _aENGLAND AND WALES
856 4 0 _auhttp://194.154.180.3/uhtbin/cgisirsi.exe/0/0/0/1/117/X/
942 _n0
999 _c112250
_d112250